[Event "Druga liga Centralne Srbije 2010 - zapad"]
[Site "?"]
[Date "2010.10.15"]
[Round "8.5"]
[White "Dumpor, Atif"]
[Black "Stojanovic, Dobrisav"]
[Result "1/2-1/2"]
[WhiteElo "2391"]
[BlackElo "2346"]
[PlyCount "20"]
[EventDate "2010.09.12"]

1. d4 d5 2. Nf3 Nf6 3. c4 c6 4. Qc2 e6 5. Bg5 Nbd7 6. Nbd2 Be7 7. e3 h6 8. Bh4
O-O 9. Bd3 a6 10. O-O b5 1/2-1/2

[Event "Druga liga Centralne Srbije 2010 - zapad"]
[Site "?"]
[Date "2010.10.15"]
[Round "8.5"]
[White "Mijanovic, Dragan"]
[Black "Zecevic, Igor"]
[Result "1/2-1/2"]
[WhiteElo "2102"]
[BlackElo "1867"]
[PlyCount "21"]
[EventDate "2010.09.12"]

1. d4 Nf6 2. Nf3 c5 3. b3 cxd4 4. Nxd4 g6 5. Bb2 Bg7 6. e3 O-O 7. Be2 Nc6 8.
Nd2 d6 9. O-O Bd7 10. c4 a6 11. Rc1 1/2-1/2

[Event "Druga liga Centralne Srbije 2010 - zapad"]
[Site "?"]
[Date "2010.10.15"]
[Round "8.2"]
[White "Zivkovic, Sava"]
[Black "Zenunovic, Hafiz"]
[Result "1-0"]
[WhiteElo "2251"]
[BlackElo "2037"]
[PlyCount "95"]
[EventDate "2010.09.12"]

1. e4 e5 2. Nf3 Nc6 3. Bb5 a6 4. Ba4 h6 5. O-O b5 6. Bb3 Bc5 7. c3 d6 8. d4
exd4 9. cxd4 Bb6 10. h3 Nge7 11. Nc3 O-O 12. Be3 Kh8 13. Qc1 Ng8 14. Bd5 Bd7
15. Nxb5 axb5 16. Bxc6 Bxc6 17. Qxc6 Qe8 18. Qxe8 Rfxe8 19. e5 dxe5 20. Nxe5
Ra4 21. b3 Ra3 22. Nxf7+ Kh7 23. Ne5 Rea8 24. Nd7 Rxa2 25. Rxa2 Rxa2 26. Nxb6
cxb6 27. d5 Nf6 28. d6 Nd7 29. Rc1 Ra8 30. Rc6 Rb8 31. Rc7 Rd8 32. Rb7 Nc5 33.
Rxb6 Ne4 34. Bf4 Nc3 35. Be5 Ne4 36. f3 Nf6 37. Rxb5 Kg6 38. Bxf6 Kxf6 39. Rd5
Ke6 40. Rd3 Kd7 41. Kf2 Re8 42. h4 Re6 43. h5 Rf6 44. g4 g6 45. hxg6 Rxg6 46.
Kg3 Rg5 47. f4 Rc5 48. Kh4 1-0

[Event "Druga liga Centralne Srbije 2010 - zapad"]
[Site "?"]
[Date "2010.10.15"]
[Round "8.2"]
[White "Zivkovic, Dejan"]
[Black "Milosavljevic, Zoran"]
[Result "1-0"]
[WhiteElo "2281"]
[BlackElo "2205"]
[PlyCount "55"]
[EventDate "2010.09.12"]

1. d4 Nf6 2. Nf3 d5 3. Bg5 Ne4 4. Bf4 e6 5. Nbd2 c5 6. c3 Nc6 7. e3 Bd6 8. Nxe4
dxe4 9. Bxd6 Qxd6 10. Nd2 f5 11. Nc4 Qe7 12. dxc5 Qxc5 13. Qh5+ g6 14. Qh6 b5
15. Qg7 Rf8 16. Na3 a6 17. Qxh7 Ne5 18. Nc2 f4 19. O-O-O Ra7 20. Qh4 g5 21.
Qh5+ Raf7 22. h4 g4 23. Kb1 f3 24. g3 Bd7 25. Rd4 Bc6 26. b4 Qxc3 27. Qxe5 Bd7
28. Qxe4 1-0

[Event "Druga liga Centralne Srbije 2010 - zapad"]
[Site "?"]
[Date "2010.10.15"]
[Round "8.2"]
[White "Djakovac, Enes"]
[Black "Ignjatovic, Predrag"]
[Result "0-1"]
[WhiteElo "2210"]
[BlackElo "2271"]
[PlyCount "95"]
[EventDate "2010.09.12"]

1. e4 e5 2. Nf3 Nc6 3. Bc4 Bc5 4. c3 Nf6 5. b4 Bb6 6. d3 d6 7. Bg5 Be6 8. Bxe6
fxe6 9. Qb3 Qe7 10. Nbd2 O-O 11. O-O h6 12. Bh4 a6 13. Nc4 Ba7 14. a4 g5 15.
Bg3 Qd7 16. b5 Ne7 17. b6 cxb6 18. Nxb6 Bxb6 19. Qxb6 Ng6 20. Rab1 Rf7 21. a5
Rc8 22. Rfc1 Rc6 23. Qe3 Qc7 24. h4 Ng4 25. Qd2 gxh4 26. Nxh4 Kh7 27. Nxg6 Kxg6
28. f3 Nf6 29. c4 Nh5 30. Bf2 Qd8 31. d4 exd4 32. Bxd4 Qh4 33. Bf2 Ng3 34. Bxg3
Qxg3 35. Qf2 Qf4 36. Rd1 Qe5 37. Rb6 Rfc7 38. f4 Qxe4 39. Rxd6 Rxd6 40. Rxd6
Rf7 41. c5 Kh7 42. Rd4 Qf5 43. Rd6 Qe4 44. Rd4 Qb1+ 45. Kh2 Qf5 46. Ra4 e5 47.
g3 e4 48. Qe3 0-1

[Event "Druga liga Centralne Srbije 2010 - zapad"]
[Site "?"]
[Date "2010.10.15"]
[Round "8.2"]
[White "Ikic, Alija"]
[Black "Savic, Dragan"]
[Result "1-0"]
[WhiteElo "2146"]
[BlackElo "2148"]
[PlyCount "91"]
[EventDate "2010.09.12"]

1. Nf3 Nf6 2. c4 e6 3. d4 d5 4. Nc3 Nbd7 5. Bg5 c6 6. e3 Qa5 7. Nd2 Bb4 8. Qc2
a6 9. Be2 O-O 10. O-O dxc4 11. Bxf6 Nxf6 12. Nxc4 Qc7 13. a3 Be7 14. b4 Nd5 15.
Na5 Bd6 16. g3 Nxc3 17. Qxc3 e5 18. Nb3 e4 19. Rac1 Bh3 20. Rfe1 Qe7 21. Nc5
Rad8 22. a4 g6 23. Qc2 Rfe8 24. Rb1 h5 25. b5 axb5 26. axb5 h4 27. bxc6 hxg3
28. hxg3 bxc6 29. Nb7 Rd7 30. Nxd6 Rxd6 31. Rb6 Qe6 32. Rc1 Rc8 33. Qc5 Rd5 34.
Qc2 Rd6 35. Rb7 Rf8 36. Rc7 Kg7 37. Rxc6 Rh8 38. Rxd6 Qxd6 39. Qxe4 Qb4 40.
Qe5+ Kh7 41. Qb5 Qe7 42. Bf3 Rd8 43. Qe5 Qa3 44. Rc7 Qa2 45. Qf6 Rf8 46. Qh4+
1-0

[Event "Druga liga Centralne Srbije 2010 - zapad"]
[Site "?"]
[Date "2010.10.15"]
[Round "8.2"]
[White "Nenadovic, Ljubisa"]
[Black "Spahic, Nevzet"]
[Result "1-0"]
[WhiteElo "2184"]
[BlackElo "1915"]
[PlyCount "107"]
[EventDate "2010.09.12"]

1. d4 Nf6 2. c4 e6 3. Nf3 d5 4. Nc3 Nbd7 5. Bg5 c6 6. e3 Qa5 7. Nd2 Bb4 8. Qc2
O-O 9. Bh4 c5 10. Bd3 cxd4 11. exd4 dxc4 12. Nxc4 Qh5 13. Bg3 Qg4 14. Rd1 Kh8
15. a3 Be7 16. Be2 Qg6 17. Qxg6 hxg6 18. Bf3 Nh5 19. Bc7 a6 20. O-O Ra7 21. Nb6
Nxb6 22. Bxb6 Ra8 23. Rfe1 Bd7 24. d5 Rac8 25. Rc1 Bg5 26. Rc2 exd5 27. Bxd5
Bc6 28. Rd1 Bxd5 29. Rxd5 Bf6 30. Rd7 Rfe8 31. g3 Re7 32. Rd3 Re6 33. Be3 Rec6
34. g4 Bxc3 35. Rdxc3 Rxc3 36. Rxc3 Rxc3 37. bxc3 Nf6 38. f3 Kg8 39. Bd4 g5 40.
Bxf6 gxf6 41. Kf2 Kf8 42. Ke3 Ke7 43. Ke4 Ke6 44. a4 b6 45. c4 Kd6 46. Kf5 Kc5
47. Kxf6 Kxc4 48. Kxg5 b5 49. axb5 axb5 50. h4 b4 51. h5 b3 52. h6 b2 53. h7
b1=Q 54. h8=Q 1-0

[Event "Druga liga Centralne Srbije 2010 - zapad"]
[Site "?"]
[Date "2010.10.15"]
[Round "8.3"]
[White "Colovic, Dusan"]
[Black "Kostic, Vladimir G"]
[Result "1/2-1/2"]
[WhiteElo "2365"]
[BlackElo "2427"]
[PlyCount "46"]
[EventDate "2010.09.12"]

1. d4 d5 2. a3 c6 3. Nf3 Nf6 4. Bf4 Bf5 5. e3 e6 6. c4 dxc4 7. Bxc4 Nbd7 8. Nc3
Be7 9. h3 Nb6 10. Bd3 Nfd5 11. Nxd5 Nxd5 12. Bg3 Bxd3 13. Qxd3 Qa5+ 14. Ke2 Qb6
15. Rab1 O-O 16. e4 Nf6 17. Rhd1 c5 18. d5 exd5 19. exd5 Bd6 20. h4 Rfe8+ 21.
Kf1 Ne4 22. Nd2 f5 23. Nc4 Qa6 1/2-1/2

[Event "Druga liga Centralne Srbije 2010 - zapad"]
[Site "?"]
[Date "2010.10.15"]
[Round "8.3"]
[White "Gavrilovic, Leonardo"]
[Black "Zivkovic, Vladislav"]
[Result "1-0"]
[WhiteElo "2247"]
[BlackElo "2222"]
[PlyCount "60"]
[EventDate "2010.09.12"]

1. e4 c6 2. d4 d5 3. exd5 cxd5 4. c4 Nf6 5. Nc3 e6 6. Nf3 Be7 7. Bf4 O-O 8. c5
Ne4 9. Bd3 Nxc3 10. bxc3 b6 11. cxb6 axb6 12. h4 f5 13. Qe2 Nc6 14. g3 Bd6 15.
Bxd6 Qxd6 16. O-O Bd7 17. Rab1 Rab8 18. Rb2 Rfe8 19. Re1 Re7 20. Kg2 Qc7 21.
Qe3 h6 22. Ne5 Ree8 23. Nf3 Na5 24. Rc1 b5 25. Ne5 Nc4 26. Bxc4 bxc4 27. Rcb1
Rxb2 28. Rxb2 Ra8 29. Qc1 Kf8 30. Rb6 Kg8 1-0

[Event "Druga liga Centralne Srbije 2010 - zapad"]
[Site "?"]
[Date "2010.10.15"]
[Round "8.3"]
[White "Rihterovic, Milan"]
[Black "Radosavljevic, Slobodan S"]
[Result "1-0"]
[WhiteElo "2242"]
[BlackElo "2221"]
[PlyCount "101"]
[EventDate "2010.09.12"]

1. d4 Nf6 2. c4 e6 3. Nc3 b6 4. e4 Bb7 5. f3 d6 6. Be3 Be7 7. Bd3 O-O 8. Nge2
Nbd7 9. O-O c5 10. Rc1 Re8 11. Bc2 Nf8 12. Ba4 N6d7 13. Qd2 a6 14. Rfd1 Qc7 15.
dxc5 bxc5 16. Bf4 e5 17. Be3 Reb8 18. Nd5 Bxd5 19. cxd5 Bd8 20. Ng3 g6 21. Qc2
Qa5 22. Bc6 Ra7 23. a3 Qc7 24. Kh1 a5 25. Nf1 Nb6 26. Bd2 Ne6 27. dxe6 Qxc6 28.
exf7+ Kxf7 29. b4 axb4 30. axb4 c4 31. Ne3 Rc8 32. Bc3 Bg5 33. Qf2 Ra3 34. f4
Bxf4 35. Nd5 Nxd5 36. exd5 Qa4 37. g3 Rxc3 38. gxf4 e4 39. f5 g5 40. Qe2 Rxc1
41. Rxc1 Qa3 42. Qh5+ Kf6 43. Qh6+ Ke5 44. Qg7+ Kxd5 45. Rd1+ Kc6 46. b5+ Kb6
47. Qd4+ Qc5 48. Qxe4 c3 49. Ra1 c2 50. Ra6+ Kxb5 51. Qa4# 1-0

[Event "Druga liga Centralne Srbije 2010 - zapad"]
[Site "?"]
[Date "2010.10.15"]
[Round "8.6"]
[White "Ivanovic, Dragoslav"]
[Black "Rikalovic, Dimitrije"]
[Result "1-0"]
[WhiteElo "2132"]
[BlackElo "1955"]
[PlyCount "81"]
[EventDate "2010.09.12"]

1. e4 d6 2. b3 g6 3. Bb2 Nf6 4. Nf3 Bg7 5. Qe2 O-O 6. d4 d5 7. e5 Ne4 8. Nbd2
Nxd2 9. Qxd2 b6 10. h4 c5 11. dxc5 bxc5 12. O-O-O Bb7 13. Ng5 d4 14. e6 f6 15.
Nf7 Qb6 16. h5 gxh5 17. Rxh5 Bc8 18. Re1 Bxe6 19. Rxe6 Qxe6 20. Bc4 Qxc4 21.
bxc4 Kxf7 22. Rxc5 Na6 23. Rc6 Nb8 24. Rc7 Na6 25. Rd7 Nc5 26. Rxd4 Ne6 27. Rd7
Rfd8 28. Ba3 Rxd7 29. Qxd7 Bh6+ 30. Kb1 Rb8+ 31. Ka1 Bf8 32. Qxa7 Rd8 33. Bb4
Rc8 34. c5 Rc7 35. Qb8 Bg7 36. c3 f5 37. a4 Rd7 38. a5 Rd5 39. c6 Nc5 40. Qb6
Na4 41. c7 1-0

[Event "Druga liga Centralne Srbije 2010 - zapad"]
[Site "?"]
[Date "2010.10.15"]
[Round "8.6"]
[White "Savic, Petar A"]
[Black "Drcelic, Sreten"]
[Result "0-1"]
[WhiteElo "2053"]
[BlackElo "2233"]
[PlyCount "104"]
[EventDate "2010.09.12"]

1. d4 d6 2. c4 c6 3. Nc3 Nd7 4. Nf3 e5 5. e3 Ngf6 6. Qc2 Qc7 7. Be2 a5 8. Bd2
g6 9. O-O Bg7 10. a3 O-O 11. b4 Re8 12. Bd3 Nh5 13. dxe5 dxe5 14. e4 Nf4 15. c5
Nxd3 16. Qxd3 b5 17. cxb6 Nxb6 18. Rfc1 axb4 19. axb4 Rxa1 20. Rxa1 Rd8 21. Qe2
Be6 22. Be3 h6 23. h3 Kh7 24. Bc5 Rd7 25. Qa6 Nc4 26. Qa8 Rd8 27. Qa6 Rd3 28.
Rc1 Qd7 29. Nh2 h5 30. Qa1 Nd2 31. Qb2 Bh6 32. Ra1 Nc4 33. Qc2 Rd2 34. Qa4 Qd3
35. Nd1 Qxe4 36. Nf3 Rd3 37. Qc2 Bf5 38. Nc3 Qf4 39. Ne2 Rxf3 40. Nxf4 Bxc2 41.
gxf3 Bxf4 42. Ra6 Nd2 43. Rxc6 Nxf3+ 44. Kg2 Be4 45. Rc7 Kg7 46. Kf1 Bd3+ 47.
Kg2 Ng5 48. Rd7 Bf5 49. Ra7 Bxh3+ 50. Kh1 Bf1 51. Rb7 Bc4 52. Rd7 Bb5 0-1

[Event "Druga liga Centralne Srbije 2010 - zapad"]
[Site "?"]
[Date "2010.10.15"]
[Round "8.6"]
[White "Bojanic, Bratislav"]
[Black "Rikalovic, Milan"]
[Result "1-0"]
[WhiteElo "2235"]
[BlackElo "2098"]
[PlyCount "78"]
[EventDate "2010.09.12"]

1. e4 e5 2. Nf3 d6 3. d4 exd4 4. Nxd4 Be7 5. Bc4 Nf6 6. Nc3 O-O 7. O-O Nc6 8.
Nxc6 bxc6 9. h3 Be6 10. Bd3 d5 11. e5 Nd7 12. f4 f5 13. exf6 Bxf6 14. Ne2 Nc5
15. c3 Nxd3 16. Qxd3 Qd7 17. f5 Bf7 18. Be3 Be7 19. b4 a5 20. a3 axb4 21. axb4
Bd6 22. Rxa8 Rxa8 23. Bd4 Re8 24. Ng3 Qe7 25. f6 Qe6 26. fxg7 Bg6 27. Qf3 Be4
28. Qf2 Qg6 29. Bc5 Be7 30. Nf5 Bxf5 31. Qxf5 Qxf5 32. Rxf5 Bd6 33. Bd4 Re4 34.
g4 Re2 35. g5 Be7 36. h4 Re4 37. Re5 Rxe5 38. Bxe5 c5 39. b5 d4 1-0

[Event "Druga liga Centralne Srbije 2010 - zapad"]
[Site "?"]
[Date "2010.10.15"]
[Round "8.6"]
[White "Ilic, Zdravko"]
[Black "Sredojevic, Srdjan"]
[Result "1-0"]
[WhiteElo "2195"]
[BlackElo "2177"]
[PlyCount "89"]
[EventDate "2010.09.12"]

1. e4 c5 2. Nf3 d6 3. g3 Nf6 4. d3 Nc6 5. Bg2 g6 6. O-O Bg7 7. c3 O-O 8. Re1 e5
9. Na3 Re8 10. Nc2 d5 11. Bg5 dxe4 12. dxe4 Qb6 13. Bxf6 Bxf6 14. b3 Rd8 15.
Qe2 Qa5 16. Ne3 Be6 17. Rac1 Rd7 18. c4 Nd4 19. Nxd4 Rxd4 20. Rcd1 Rad8 21. Nd5
Bg7 22. h3 Rd7 23. Kh2 Qd8 24. Rxd4 cxd4 25. Rf1 f5 26. f4 fxe4 27. Bxe4 b5 28.
Bg2 bxc4 29. bxc4 Qb8 30. fxe5 Kh8 31. Nf6 d3 32. Nxd7 dxe2 33. Nxb8 Bxc4 34.
Re1 Bxe5 35. Bd5 Bb5 36. Bf3 Bc3 37. Rxe2 Bxe2 38. Bxe2 Kg7 39. Kg2 Kf6 40.
Nd7+ Ke7 41. Nc5 Be1 42. Kf3 h6 43. Bc4 Kf6 44. Nd3 Ba5 45. Nf4 1-0

[Event "Druga liga Centralne Srbije 2010 - zapad"]
[Site "?"]
[Date "2010.10.15"]
[Round "8.6"]
[White "Grubisic, Ilija"]
[Black "Djuric, Zoran"]
[Result "1-0"]
[WhiteElo "2345"]
[BlackElo "2239"]
[PlyCount "73"]
[EventDate "2010.09.12"]

1. Nf3 Nf6 2. g3 e6 3. Bg2 d5 4. O-O Nbd7 5. d3 Be7 6. Nbd2 b6 7. e4 Bb7 8. e5
Ng8 9. Qe2 c5 10. c3 Qc7 11. Re1 a5 12. Nf1 Bd8 13. a4 Ne7 14. h4 Nc6 15. Bf4
Be7 16. N1h2 h5 17. Ng5 Bxg5 18. hxg5 g6 19. Nf3 Ne7 20. Nh4 Nf5 21. Nxf5 gxf5
22. Bf3 h4 23. gxh4 Rxh4 24. Bg3 Rh7 25. Kg2 O-O-O 26. Rh1 Rdh8 27. Rxh7 Rxh7
28. Rh1 Rxh1 29. Kxh1 d4 30. Kg2 dxc3 31. bxc3 Bxf3+ 32. Qxf3 Qa7 33. Qh5 Nf8
34. Qh8 Qe7 35. Kf3 Kb7 36. c4 Ng6 37. Qh5 1-0

[Event "Druga liga Centralne Srbije 2010 - zapad"]
[Site "?"]
[Date "2010.10.15"]
[Round "8.4"]
[White "Jovic, Miodrag"]
[Black "Nesic, Dragisa"]
[Result "1/2-1/2"]
[WhiteElo "2212"]
[BlackElo "2141"]
[PlyCount "73"]
[EventDate "2010.09.12"]

1. e4 e6 2. e5 d5 3. exd6 Bxd6 4. d4 Nf6 5. Nf3 h6 6. Bd3 b6 7. O-O Bb7 8. Nbd2
O-O 9. Qe2 Bf4 10. Rd1 Qd5 11. c4 Qh5 12. Ne4 Bxc1 13. Raxc1 Nbd7 14. h3 c5 15.
d5 Nxe4 16. Qxe4 Nf6 17. Qf4 exd5 18. Bf1 d4 19. g4 Qg6 20. Bg2 Qe4 21. Qg3 Qe7
22. Re1 Qd7 23. Ne5 Qc7 24. g5 hxg5 25. Qxg5 Rfe8 26. f4 Re6 27. Rc2 Rb8 28.
Bxb7 Rxb7 29. Rg2 Ne8 30. Rge2 Qe7 31. Qg2 Nd6 32. Qd5 Qh4 33. Qf3 Rbe7 34. f5
Qg5+ 35. Qg4 Qxf5 36. Qg3 Re8 37. Ng4 1/2-1/2

[Event "Druga liga Centralne Srbije 2010 - zapad"]
[Site "?"]
[Date "2010.10.15"]
[Round "8.4"]
[White "Jovanovic, Nenad R"]
[Black "Pavlovic, Dejan S"]
[Result "0-1"]
[WhiteElo "2357"]
[BlackElo "2422"]
[PlyCount "87"]
[EventDate "2010.09.12"]

1. Nf3 d5 2. b3 Bg4 3. Bb2 Nd7 4. g3 Bxf3 5. exf3 Ngf6 6. f4 e6 7. Bg2 Bd6 8.
O-O O-O 9. d4 c5 10. Nd2 cxd4 11. Bxd4 Bc5 12. Bb2 Rc8 13. a3 Qb6 14. Nf3 Ne4
15. Nd4 Ndf6 16. Qd3 Rfd8 17. f3 a5 18. Kh1 Nd6 19. Rfe1 Nc4 20. Bc3 Nxa3 21.
f5 exf5 22. Nxf5 Bf8 23. Bd4 Qc6 24. c3 Re8 25. Bf1 b5 26. Qd2 h6 27. Qf4 Nh5
28. Qg4 Qg6 29. Bd3 Qxg4 30. fxg4 Nf6 31. Nxh6+ gxh6 32. Bxf6 Rxe1+ 33. Rxe1
Bg7 34. g5 hxg5 35. Bxg5 Bxc3 36. Rd1 b4 37. Kg2 Re8 38. Kf2 Kg7 39. h4 f6 40.
Bf4 Rh8 41. Be2 Rc8 42. Kf3 a4 43. Ba6 Rc5 44. h5 0-1

[Event "Druga liga Centralne Srbije 2010 - zapad"]
[Site "?"]
[Date "2010.10.15"]
[Round "8.4"]
[White "Lukic, Dragan M"]
[Black "Bosiljcic, Zoran"]
[Result "1-0"]
[WhiteElo "2283"]
[BlackElo "2164"]
[PlyCount "64"]
[EventDate "2010.09.12"]

1. e4 e5 2. Nf3 Nc6 3. Nc3 Nf6 4. Bb5 Bc5 5. O-O O-O 6. Nxe5 Re8 7. Nf3 Nxe4 8.
Nxe4 Rxe4 9. c3 d5 10. d4 Be7 11. h3 Bf6 12. Be3 Bd7 13. Bd3 Re8 14. Re1 Ne7
15. Qb3 b6 16. Qc2 g6 17. Bf4 c5 18. dxc5 bxc5 19. b3 Bf5 20. Rad1 Bxd3 21.
Qxd3 Qa5 22. Be5 Bxe5 23. Rxe5 Nf5 24. g4 Ng7 25. Rxd5 Qxa2 26. Qc4 Ne6 27. Rd7
Rab8 28. Ne5 Rf8 29. Nxf7 Qxb3 30. Nh6+ Kh8 31. Qe4 Qxc3 32. Qxe6 Rbe8 1-0

[Event "Druga liga Centralne Srbije 2010 - zapad"]
[Site "?"]
[Date "2010.10.15"]
[Round "8.4"]
[White "Milosevic, Zoran"]
[Black "Vencl, Radivoje"]
[Result "0-1"]
[WhiteElo "2281"]
[BlackElo "2308"]
[PlyCount "92"]
[EventDate "2010.09.12"]

1. d4 d5 2. c4 c6 3. Nc3 Nf6 4. Nf3 Bf5 5. Nh4 Bd7 6. Nf3 e6 7. Qb3 b6 8. Bg5
Be7 9. e3 O-O 10. Bd3 h6 11. Bh4 a5 12. cxd5 exd5 13. O-O Be6 14. Rac1 c5 15.
Bb1 Nbd7 16. Qc2 g6 17. Qe2 Re8 18. Rfd1 c4 19. Ne5 Qc7 20. Bg3 Qb7 21. Nxd7
Qxd7 22. a4 Bb4 23. Nb5 Rac8 24. Qf3 Nh5 25. h3 Nxg3 26. Qxg3 Kh7 27. e4 dxe4
28. Bxe4 f5 29. Bf3 g5 30. d5 Bf7 31. Rd4 Bg6 32. Rdxc4 Rxc4 33. Rxc4 Re1+ 34.
Kh2 Bc5 35. Qb8 Bxf2 36. g3 Bg1+ 37. Kg2 Bc5 38. Qc7 Be8 39. d6 Kg6 40. g4 Qe6
41. gxf5+ Qxf5 42. Nd4 Qd3 43. Rxc5 Qxd4 44. Rxg5+ hxg5 45. Bh5+ Kh6 46. Bxe8
Qg1+ 0-1

[Event "Druga liga Centralne Srbije 2010 - zapad"]
[Site "?"]
[Date "2010.10.15"]
[Round "8.4"]
[White "Nikolajevic, Branislav"]
[Black "Pecinar, Zoran"]
[Result "1-0"]
[WhiteElo "2166"]
[BlackElo "2166"]
[PlyCount "101"]
[EventDate "2010.09.12"]

1. e4 c5 2. Nf3 d6 3. d4 cxd4 4. Nxd4 Nf6 5. Nc3 g6 6. Be2 Bg7 7. Be3 O-O 8.
Qd2 Nc6 9. Rd1 Bd7 10. O-O Rc8 11. h3 a6 12. Nb3 b5 13. a3 Qc7 14. f4 Rfe8 15.
g4 Be6 16. Nd4 Nxd4 17. Bxd4 Bc4 18. Bxc4 Qxc4 19. g5 e5 20. fxe5 dxe5 21. gxf6
exd4 22. Qxd4 Qxd4+ 23. Rxd4 Bf8 24. Rd5 Bxa3 25. bxa3 Rxc3 26. Rfd1 Re3 27.
Re5 Kf8 28. Kf2 Rxh3 29. Rxe8+ Kxe8 30. Rd6 Rxa3 31. Rb6 h5 32. Rb7 g5 33. e5
g4 34. Ke2 Rc3 35. Re7+ Kf8 36. Ra7 Kg8 37. Ra8+ Kh7 38. e6 fxe6 39. f7 Rxc2+
40. Ke1 Rc1+ 41. Kf2 Rc2+ 42. Kg3 Rc3+ 43. Kf2 Rc2+ 44. Kf1 Rc1+ 45. Ke2 Rc2+
46. Ke3 Rc3+ 47. Ke4 Rf3 48. f8=Q Rxf8 49. Rxf8 Kg7 50. Ra8 Kf6 51. Rxa6 1-0

[Event "Druga liga Centralne Srbije 2010 - zapad"]
[Site "?"]
[Date "2010.10.15"]
[Round "8.4"]
[White "Radibratovic, Predrag"]
[Black "Raicevic, Momcilo"]
[Result "1-0"]
[WhiteElo "2359"]
[BlackElo "2348"]
[PlyCount "89"]
[EventDate "2010.09.12"]

1. e4 g6 2. d4 c6 3. Bd3 d5 4. e5 Bg7 5. f4 Nh6 6. c3 O-O 7. Nf3 f6 8. O-O Qb6
9. Qb3 Bg4 10. Qxb6 axb6 11. Nbd2 c5 12. Bb5 Nc6 13. h3 Na7 14. Be2 Bd7 15. g4
Nc6 16. a3 Nf7 17. Nb3 c4 18. Nbd2 fxe5 19. Nxe5 Ncxe5 20. fxe5 Ng5 21. Kg2 Ne6
22. Rxf8+ Rxf8 23. Nf1 Nf4+ 24. Bxf4 Rxf4 25. Bf3 e6 26. Kg3 Rf7 27. h4 h6 28.
Ne3 Bf8 29. Rf1 Bc6 30. Bd1 Rxf1 31. Nxf1 Be7 32. Bc2 Kg7 33. Nh2 Be8 34. Nf3
b5 35. g5 hxg5 36. hxg5 Bf7 37. Kh4 Be8 38. Nh2 Bf7 39. Ng4 Be8 40. Nf6 Bc6 41.
Kg4 Kf7 42. Kf4 Kg7 43. Ke3 Kf7 44. Bd1 Be8 45. Kf4 1-0